01712 2200277 4500001002100000005001500021035002000036007000300056008004100059020002200100082001100122084002000133100002900153245012400182250002500306300002900331650002200360700002800382520087400410264004401284336002101328337003001349338002301379990001601402990001601418INLIS00000000116284620230110121547 a0010-0123000013ta230110 g 0 ind  a978-623-92995-6-9 a2X9.12 aSR 2X9.12 RAT h0 aRatnani Latifahepenulis1 aHidup minimalis ala rasulullah :bmeneladani kesederhanaan hidup rasulullah /cRatnani Latifah; editor, Oppi Nopitasari aCetakan Ketiga, 2022 avi, 182 halaman ;c20 cm 4aNabi Muhammad SAW0 aOppi Nopitasarieeditor aRasulullah SAW adalah sosok manusia yang tidak pernah silau dengan kenikmatan duniawi dan lebih memilih untuk hidup sederhana. Beliau kerap mengingatkan agar umatnya tidak menjadikan kesenangan dunia sebagai tujuan hidup dan dapat memilah mana yang harus menjadi prioritas, baik perhatian, tenaga maupun harta sehingga tidak menjerumuskannya dalam kesengsaraan dunia dan akhirat. Buku HIDUP MINIMALIS ALA RASULULLAH membedah tentang kesederhanaan hidup Rasulullah SAW. baik dari segi tempat tinggal, cara berpakaian dan berbagai kebiasaan lainnya, serta bagaimana cara kita mengikuti ajaran Beliau. Ada banyak manfaat dan keberkahan yang bisa kita dapat jika kita mampu menjalaninya dengan baik. Semoga buku HIDUP MINIMALIS ALA RASULULLAH bisa memotivasi pembaca agar mencontoh gaya hidup Rasulullah sehingga hidup lebih berkah dan dekat dengan rahmat Allah SWT. aSemarang :bSyalmahat Publishing,c2022 2rdacontentateks 2rdamediaatanpa perantara 2rdacarrieravolume a51296.64116 a51297.64117